| 000 | 01294cam a2200337Ia 4500 | ||
|---|---|---|---|
| 001 | 18613152 | ||
| 003 | OCoLC | ||
| 005 | 20240319195357.0 | ||
| 008 | 881015c19871980nyua j 000 1 spa d | ||
| 020 |
_a0590408844 (pbk.) : _c$2.95 |
||
| 020 | _a9780590408844 (pbk.) | ||
| 024 | _a078073002955 | ||
| 040 |
_aIFA _cIFA _dAGL _dOCL _dCOG |
||
| 041 | 1 |
_aeng _hspa |
|
| 092 | _a[Fic] | ||
| 092 |
_aE _bGEL |
||
| 100 | 1 | _aGelman, Rita Golden. | |
| 240 | 1 | 0 |
_aBiggest sandwich ever. _lSpanish. |
| 245 | 1 | 3 |
_aEl sandwich mas grande, jamas / _ccuento de Rita Golden Gelman ; ilustraciones de Mort Gerberg ; traducido por Otto Rene Vasquez. |
| 260 |
_aNew York : _bScholastic Inc., _c1987, c1980. |
||
| 300 |
_a[40] p. : _bcol. ill. ; _c15 x 21 cm. |
||
| 500 | _aTranslation of: The biggest sandwich ever. | ||
| 520 | _aUn hombre con una olla viene a la partido de campo de dos ninos y hace un sandwich, lo mas grande del mundo--jamas. A strange little man with a pot on his head comes to the picnic of two children and proceeds to make a gigantic sandwich. | ||
| 526 | _cRL 2 004-007 | ||
| 650 | 0 |
_aFantasy _vJuvenile fiction. |
|
| 650 | 0 |
_aSandwiches _vJuvenile fiction. |
|
| 650 | 0 |
_aCooking _vJuvenile fiction. |
|
| 700 | 1 | _aGerberg, Mort. | |
| 700 | 1 | _aVasquez, Rene. | |
| 942 | _cBK | ||
| 999 |
_c17665 _d17665 |
||